Sports Quiz

Random Sports or MLB Quiz

MLB Stadium Naming Rights History Quiz Stats

 Plays Quiz not verified by Sporcle

Challenge
Share
Tweet
Embed
Score 0/49 Timer 04:00
0 Plays Today
% Correct
Yankee Stadium
77.5%
Fenway Park
77.2%
Camden Yards
75.8%
Wrigley Field
75.1%
Dodgers Stadium
73.3%
Nationals Park
73%
Citi Field
71.9%
Safeco Field
71.2%
Turner Field
70.9%
Coors Field
70.9%
Rogers Centre
69.8%
Target Field
69.8%
Tropicana Field
69.8%
Miller Park
69.8%
Kauffman Stadium
69.5%
Busch Stadium
69.5%
Great American Ballpark
69.1%
Marlins Park
69.1%
Minute Maid Park
67.7%
Comerica Park
67%
PNC Park
67%
Jacobs Field
65.6%
AT&T Park
65.6%
PetCo Park
64.2%
Ballpark in Arlington
62.8%
% Correct
Citizens Bank Park
62.8%
O.Co Coliseum
62.1%
US Cellular Field
62.1%
SkyDome
61.4%
Progressive Field
60.7%
Oakland Coliseum
60%
Comiskey Park
58.6%
Chase Field
57.2%
Royals Stadium
55.4%
Bank One Ball Park
52.3%
Angel Stadium
51.6%
Enron Field
50.9%
Pac Bell Park
50.2%
Anaheim Stadium
49.1%
Centennial Olympic Stadim
42.1%
Astros Field
41.4%
Cubs Park
39.3%
Weeghman Park
31.9%
McAfee Coliseum
29.8%
Ameriquest Field
29.5%
SBC Park
29.5%
Globe Life Park
28.4%
Network Associates Coliseum
27.7%
Edison International Field
22.1%

You're not logged in!

Compare scores with friends on all Sporcle quizzes.
Join for Free
OR
Log In

You Might Also Like...

Show Comments

Extras

Created Nov 24, 2014SourceReportNominate
Tags:MLB Quiz, Stadiums

Top Quizzes Today


Score Distribution

Your Account Isn't Verified!

In order to create a playlist on Sporcle, you need to verify the email address you used during registration. Go to your Sporcle Settings to finish the process.

Report this User

Report this user for behavior that violates our Community Guidelines.

Details: